|
|
|
|
| LEADER |
00729nam a2200205 a 4500 |
| 001 |
000643135 |
| 003 |
CZ BrMZK |
| 005 |
20041019143720.0 |
| 007 |
ta |
| 008 |
021218s1935 gw f ger d |
| 040 |
|
|
|a BOA001
|b cze
|c BOA001
|
| 100 |
1 |
|
|a Reich, Edvard,
|d 1885-1943
|7 jk01102182
|4 aut
|
| 245 |
1 |
4 |
|a Die tschechoslovakische Landwirtschaft Ihre Grundlagen und ihre Organisation /
|c Edvard Reich
|
| 260 |
|
|
|a Berlin :
|b Parey,
|c 1935
|
| 300 |
|
|
|a 312 s.
|
| 490 |
1 |
|
|a Berichte über Landwirtschaft. Neue Folge ;
|v Sonderheft 108
|
| 830 |
|
0 |
|a Berichte über Landwirtschaft.
|p Neue Folge
|
| 910 |
|
|
|a BOA001
|b 3-0328.776
|
| 990 |
|
|
|a BK
|
| 996 |
7 |
|
|b 2619111982
|c 3-0328.776
|l MZK
|r Sklad / do 1 hodiny
|n 1
|w 000643135
|u 000010
|a 1
|e BOA001
|j MZK50
|s A
|